000
00248nam a2200109Ia 4500
008
220204s9999 xx 000 0 und d
082
_a
82-3
_b
SMI
100
_a
Wilbur
245
2
_a
A Sparrow falls
260
_a
Madras
_b
Macmillan
_c
1977
942
_c
BK
999
_c
29391
_d
29391